Central Library OPAC University of Rajshahi

The liberation war / (Record no. 2491)

MARC details
000 -LEADER
fixed length control field 00807cam a2200277 4500
001 - CONTROL NUMBER
control field 2491
003 - CONTROL NUMBER IDENTIFIER
rucl marc code BD-RjUL
005 - DATE AND TIME OF LATEST TRANSACTION
control field 20211208233550.0
008 - FIXED-LENGTH DATA ELEMENTS--GENERAL INFORMATION
fixed length control field 131211s1972 ii b 000 0 eng
035 ## - SYSTEM CONTROL NUMBER
System control number (BD-RjUL)2518
040 ## - CATALOGING SOURCE
Original cataloging agency DLC
Transcribing agency DLC
Modifying agency DLC
Language of cataloging eng
041 ## - LANGUAGE CODE
Language code of text/sound track or separate title eng
082 00 - DEWEY DECIMAL CLASSIFICATION NUMBER
Classification number 320.9549204
Edition number 16
Author mark and year AYL 1972
100 1# - MAIN ENTRY--PERSONAL NAME
Personal name Ayoob, Mohammed,
Dates associated with a name 1942-
9 (RLIN) 8064
245 14 - TITLE STATEMENT
Title The liberation war /
Statement of responsibility, etc. Mohammed Ayoob and K. Subrahmanyam.
260 ## - PUBLICATION, DISTRIBUTION, ETC. (IMPRINT)
Place of publication, distribution, etc. New Delhi:
Name of publisher, distributor, etc. S. Chand,
Date of publication, distribution, etc. 1972
300 ## - PHYSICAL DESCRIPTION
Pagination xiii, 292 p. ;
Size 23 cm.
350 ## - PRICE (NR) (BK AM CF MU VM SE) [OBSOLETE]
Price Rs25.00
504 ## - BIBLIOGRAPHY, ETC. NOTE
Bibliography, etc Includes bibliographical references.
526 ## - STUDY PROGRAM INFORMATION NOTE
Requested Dept. Sociology
650 #0 - SUBJECT ADDED ENTRY--TOPICAL TERM
Topical term or geographic name as entry element India-Pakistan, Conflict, 1971.
9 (RLIN) 8065
651 #0 - SUBJECT ADDED ENTRY--GEOGRAPHIC NAME
Geographic name Bangladesh
General subdivision Politics and government.
9 (RLIN) 8066
700 1# - ADDED ENTRY--PERSONAL NAME
Personal name Subrahmanyam, K.
942 ## - ADDED ENTRY ELEMENTS (KOHA)
Source of classification or shelving scheme Dewey Decimal Classification
Koha item type Books
Holdings
Lost status Source of classification or shelving scheme Damaged status Not for loan Collection code Permanent Location Current Location Date acquired Source of acquisition Full call number Date last seen Copy number Koha item type Shelving location Cost, normal purchase price Total Checkouts
  Dewey Decimal Classification     Non-fiction Central Library, University of Rajshahi Central Library, University of Rajshahi 10/04/1974 India Govt. 320.9549204 AYL 1972 11/12/2013 C-2 Books      
  Dewey Decimal Classification   Not For Loan Non-fiction Central Library, University of Rajshahi Central Library, University of Rajshahi 15/05/1973 Firm K. H. Mukhopadhay 320.9549204 AYL 1972 12/12/2013 C-1 Books   25.00  
  Dewey Decimal Classification     Non-fiction Central Library, University of Rajshahi Central Library, University of Rajshahi 15/05/1973 Firma K.H Maukhopadhay 320.9549204 AYL 1972 07/06/2016 C-3 Books   25.00  
  Dewey Decimal Classification     Non-fiction Central Library, University of Rajshahi Central Library, University of Rajshahi 26/06/1996 Bidhasagar,Rajshahi 320.9549204 AYL 1988 06/08/2016 C-4 Books   100.00